Biopolymers (Record no. 30129)

MARC details
000 -LEADER
fixed length control field 00311nam a2200133Ia 4500
082 ## - DEWEY DECIMAL CLASSIFICATION NUMBER
Classification number 028.289583
Item number WAL
100 ## - MAIN ENTRY--AUTHOR NAME
Personal name Blackwell, John
245 #0 - TITLE STATEMENT
Title Biopolymers
260 ## - PUBLICATION, DISTRIBUTION, ETC. (IMPRINT)
Place of publication New York
Name of publisher Academic
Year of publication 1973
650 ## - SUBJECT ADDED ENTRY--TOPICAL TERM
Topical Term Biopolymers
700 ## - ADDED ENTRY--PERSONAL NAME
Personal name Alan G
942 ## - ADDED ENTRY ELEMENTS (KOHA)
Koha item type Books
Holdings
Withdrawn status Lost status Damaged status Not for loan Home library Current library Date acquired Cost, normal purchase price Full call number Accession Number Koha item type
        RRII Library RRII Library 16/12/2021 46.25 028.289583 WAL 10707 Books